02388cam a22002657a 450000500170000000800410001704000360005804100080009408200140010210000520011624202630016824502720043126000980070330000400080150008140084150600210165552001500167654600210182665000480184765000730189570000210196870000220198970000300201185600810204120171211103625.0071106s1514 fr fr 001 0 lat d aGBVCPcSandra YazodSandra Yazo0 alat 220a262.91 aDominicus de Sancto Geminianodca. 1375-1424‏00aExplicaciones sobre el Sexto Libro de las Decretales del insigne soberano en Ambos Derechos e profundísimo maestro D. Diego de San GeminianobCon apostillas de Bernardino, el primero de los Landriani y Juan de Gradibus y, por último, de Celso Hugo. yspa10aClarissimi Juris utriusque monarche interpretisque profundissimi Dni. Dnici. de sancto geminiano lectura super sexto libro decretalium. bCum apostillis clarissimorum virorum Bernardini ex capitaneis de Landriano. Joanis quoque de gradibus et postremo Celsi Hugo ... 3 aLugduni [Lyon] (Francia)bIn officina Jacobi Marescal [En el taller de Jacobo Marechal]c1514 acclxiiii, [10] folios b43 x 29 cm. aDetalles físicos: Encuadernación rígida en cartón forrado en cuero. Lomo con nervaduras sobre costuras. Tapas y lomo con repujados geométricos (gofrado), raspaduras, roturas y faltante. Notorias maculaturas. Deterioro por perforaciones de insectos que afectan tapas y texto al final de la obra. Conserva parcialmente las guardas, deterioradas. Portada impresa en rojo con texto en forma de base de lámpara. Texto impreso en dos columnas, en caracteres góticos en varios tipos y tamaños. Apostillas marginales. Párrafos identificados en letras y números. Márgenes amplios. Mayúsculas capitales. Signaturas. Libro con encabezamiento al inicio de la obra. Algunos subrayados en el texto. Al final del texto colofón y registro de cuadernillos. Índice con perforaciones y notoria mancha aConsulta en sala aExplicaciones de Domingo de San Geminiano sobre la Primera Parte del Sexto Libro de las Decretales, con adiciones y comentarios de otros juristas aTexto en latín 7aDerecho canónicoxObras anteriores a 1800 7aCánones, decretales eclesiásticos, etc.xObras anteriores a 18001 aDescousu, Celsus1 aGradi, Joannes de1 aLandriano, Bernardinus de48uhttp://repository.urosario.edu.co/handle/10336/14148z Disponible en línea